Sports Quiz

Random Sports or Tennis Quiz

Best ATP Masters 2010-2015 Quiz Stats

 Plays Quiz not verified by Sporcle

Challenge
Share
Tweet
Embed
Score 0/38 Timer 08:00
0 Plays Today
Last SF or Better Appearance Answer % Correct
2014 Madrid FNadal
100%
2015 Indian Wells CHAMPDjokovic
99.5%
2015 Indian Wells FFederer
99%
2015 Madrid CHAMPMurray
99%
2014 Cincinnati FFerrer
94.4%
2014 Canada CHAMPTsonga
92.4%
2014 Monte Carlo CHAMPWawrinka
90.9%
2015 Indian Wells SFRaonic
89.3%
2014 Madrid SFBerdych
88.8%
2010 Paris FMonfils
86.7%
2013 Shanghai FDel Potro
85.3%
2010 Cincinnati SFRoddick
84.8%
2013 Miami SFGasquet
82.2%
2014 Indian Wells SFIsner
81.7%
2015 Madrid SFNishikori
81.7%
2014 Shanghai FSimon
80.2%
2014 Canada SFDimitrov
75.8%
2010 Rome SFVerdasco
74.1%
2010 Paris CHAMPSoderling
73.1%
Last SF or Better Appearance Answer % Correct
2010 Indian Wells CHAMPLjubicic
67%
2014 Shanghai SFLopez
64.5%
2011 Cincinnati SFFish
64%
2010 Madrid SFAlmagro
64%
2013 Miami SFHaas
59.9%
2013 Monte Carlo SFFognini
58.4%
2012 Paris FJanowicz
54.3%
2012 Miami SFMonaco
54.3%
2012 Canada SFTipsarevic
53.8%
2010 Rome SFGulbis
47%
2011 Monte Carlo SFMelzer
43.1%
2013 Canada SFPospisil
41.6%
2012 Paris SFLlodra
41.1%
2014 Madrid SFBautista Agut
38.1%
2010 Cincinnati SFBaghdatis
35.5%
2011 Madrid SFBellucci
30.5%
2013 Rome SFPaire
25.9%
2013 Madrid SFAndujar
22.8%
2014 Cincinnati SFBennateau
9.8%

You're not logged in!

Compare scores with friends on all Sporcle quizzes.
OR
Log In

You Might Also Like...

Show Comments

Extras

Top Quizzes Today


Score Distribution

Your Account Isn't Verified!

In order to create a playlist on Sporcle, you need to verify the email address you used during registration. Go to your Sporcle Settings to finish the process.

Report this User

Report this user for behavior that violates our Community Guidelines.

Details: